डंबलीय बयलु (Record no. 41828)

MARC details
000 -LEADER
fixed length control field 00392nam a2200145Ia 4500
008 - FIXED-LENGTH DATA ELEMENTS--GENERAL INFORMATION
fixed length control field 090123s9999 xx 000 0 und d
082 ## - DEWEY DECIMAL CLASSIFICATION NUMBER
Item number 3749
245 ## - TITLE STATEMENT
Title डंबलीय बयलु
250 ## - EDITION STATEMENT
Edition statement 1
260 ## - PUBLICATION, DISTRIBUTION, ETC. (IMPRINT)
Name of publisher, distributor, etc जनमित्र प्रेस
Date of publication, distribution, etc 1974
300 ## - PHYSICAL DESCRIPTION
Extent 129
630 ## - SUBJECT ADDED ENTRY--UNIFORM TITLE
Uniform title डंबलीय बयलु
730 ## - ADDED ENTRY--UNIFORM TITLE
Uniform title डंबलीय बयलु
942 ## - ADDED ENTRY ELEMENTS (KOHA)
Koha item type Book
Holdings
Withdrawn status Lost status Damaged status Not for loan Home library Current library Date acquired Cost, normal purchase price Total Checkouts Full call number Barcode Date last seen Cost, replacement price Price effective from Koha item type
        Jawahar Wachalanalaya, Kalwa Jawahar Wachalanalaya, Kalwa 03/31/2002 2.00   3749 KLW-3749 01/23/2009 2.00 01/23/2009 Book